Les entraîneurs de l'Olympique Lyonnais - Statistiques

Statistiques générales
  • Ce quiz a été pris 1 013 fois
    124 depuis la dernière actualisation
  • Le résultat moyen est 13 sur 34
Statistiques - réponses
# Période Entraîneur % Correct
33 2023 (nov.) - 2025 (jan.) Pierre Sage
94%
27 2015 (déc.) - 2019 Bruno Génésio
91%
31 2022 (oct.) - 2023 (sept.) Laurent Blanc
91%
34 Depuis 2025 (jan.) Paulo Fonseca
84%
29 2019 (oct.) - 2021 Rudi Garcia
84%
32 2023 (sept.) - 2023 (nov.) Fabio Grosso
77%
25 2011 - 2014 Rémi Garde
72%
24 2008 - 2011 Claude Puel
69%
30 2021 - 2022 (oct.) Peter Bosz
69%
28 2019 - 2019 (oct.) Sylvinho
67%
16 1988 - 1993 Raymond Domenech
63%
22 2005 - 2007 Gérard Houllier
61%
26 2014 - 2015 (déc.) Hubert Fournier
57%
21 2002 - 2005 Paul Le Guen
53%
19 1996 (oct.) - 2000 Bernard Lacombe
47%
23 2007 - 2008 Alain Perrin
46%
20 2000 - 2002 Jacques Santini
44%
9 1976 (fév.) - 1980 Aimé Jacquet
41%
17 1993 - 1995 Jean Tigana
21%
18 1995 - 1996 (oct.) Guy Stéphan
15%
13 1984 - 1987 (oct.) Robert Nouzaret
7%
8 1968 - 1976 (fév.) Aimé Mignot
5%
12 1982 (fév.) - 1984 Robert Herbin
5%
4 1959 - 1961 Gabriel Robert
4%
14 1987 (oct.) - 1988 (mars) Denis Papas
3%
7 1966 - 1968 Louis Hon
3%
5 1961 - 1962 Manuel Fernandez
3%
10 1980 - 1981 (nov.) Jean-Pierre Destrumelle
2%
6 1962 - 1966 Lucien Jasseron
2%
15 1988 (mars) - 1988 Marcel Leborgne
2%
11 1981 (nov.) - 1982 (fév.) Vladimir Kovačević
2%
2 1954 - 1955 Julien Darui
1%
3 1955 - 1959 Lucien Troupel
1%
1 1950 - 1954 Oscar Heisserer
1%
Aucun quiz correspondant
Distribution des résultats
% des personnes avec chaque résultat
Percentile par nombre de réponses
Votre historique - résultats
Vous n’avez pas pris ce quiz depuis la dernière actualisation